The invisible workers: women's unrecognized contribution to the economy (Record no. 492439)

000 -LEADER
fixed length control field 00349cam a22000977a 4500
008 - FIXED-LENGTH DATA ELEMENTS--GENERAL INFORMATION
fixed length control field 180718b2000 xxu||||| |||| 00| 0 eng d
100 ## - MAIN ENTRY--PERSONAL NAME
Personal name Mehta, Aasha Kapur
245 ## - TITLE STATEMENT
Title The invisible workers: women's unrecognized contribution to the economy
Statement of responsibility, etc. by Aasha Kapur Mehta
260 ## - PUBLICATION, DISTRIBUTION, ETC.
Place of publication, distribution, etc. New Delhi
Name of publisher, distributor, etc. Indian Institute of Public Administration
Date of publication, distribution, etc. 2000
300 ## - PHYSICAL DESCRIPTION
Extent 5p.
Holdings
Withdrawn status Lost status Damaged status Not for loan Permanent Location Current Location Date acquired Barcode Date last seen Price effective from Koha item type
        Indian Institute of Public Administration Indian Institute of Public Administration 2018-08-04 GR16293 2018-08-04 2018-08-04 GR

Powered by Koha